| 000 | 01554nam0a22002891 4500 | ||
|---|---|---|---|
| 001 | rc\3547878 | ||
| 005 | 20260407083640.0 | ||
| 021 |
_aRU _bРг2606-72 |
||
| 035 | _a(NLR Aleph) 007636313 | ||
| 090 |
_a6077751 _c6077751 |
||
| 100 | _a20130115d1971 |||y0rusy50 ca | ||
| 101 | 0 | _arus | |
| 102 | _aRU | ||
| 105 | _ay z ||||| | ||
| 200 | 1 |
_aВременная инструкция по антисептированию древесины эксплуатируемых деревянных судов и деревянных судов, находящихся в консервации _fРуководитель д-р с.-х. наук, проф. Д.В. Соколов _gИсполнители: инж. О.П. Кащеев, инж. Р.Ю. Тарханова _gМ-во высш. и сред. спец. образ. РСФСР. Лесотехн. акад. им. С.М. Кирова. Науч.-исслед. сектор |
|
| 210 |
_aЛенинград _cБ. и. _d[1971] |
||
| 215 |
_a17 с., включ. обл. _d20 |
||
| 702 | 1 |
_aКащеев _bО.П. _4570 |
|
| 702 | 1 |
_aТарханова _bР.Ю. _4570 |
|
| 702 | 1 |
_4570 _aСоколов _bД. В. _cд-р с.-х. наук, древесиноведение _gДмитрий Васильевич _9252660 _3RU\NLR\AUTH\770252716 |
|
| 712 | 0 | 2 |
_aЛесотехническая академия им. С. М. Кирова _cЛенинград _3RU\NLR\AUTH\8810851 _9294319 |
| 801 | 0 |
_aRU _bNLR _gpsbo |
|
| 801 | 1 |
_aRU _bELAR _2rusmarc |
|
| 852 |
_aNLR _j72-4/2941 |
||
| 942 | _cBOOK | ||
| 980 | _aNB | ||